书目信息 |
| 题名: |
空间机械臂使用可靠性系统控制理论与优化控制方法
|
|
| 作者: | 谭春林 , 陈钢 著 | |
| 分册: | ||
| 出版信息: | 北京 科学出版社 2019.02 |
|
| 页数: | 242页 | |
| 开本: | 24cm | |
| 丛书名: | “航天机构高可靠设计技术及其应用”丛书 | |
| 单 册: | ||
| 中图分类: | TP241 | |
| 科图分类: | ||
| 主题词: | 空间机械臂--kong jian ji xie bi--控制系统 | |
| 电子资源: | ||
| ISBN: | 978-7-03-060095-0 | |
| 000 | 01412nam 2200277 450 | |
| 001 | 2258196007 | |
| 005 | 20220916161014.66 | |
| 010 | @a978-7-03-060095-0@dCNY98.00 | |
| 100 | @a20190320d2019 em y0chiy50 ea | |
| 101 | 0 | @achi |
| 102 | @aCN@b110000 | |
| 105 | @aak a 000yy | |
| 200 | 1 | @a空间机械臂使用可靠性系统控制理论与优化控制方法@Akong jian ji xie bi shi yong ke kao xing xi tong kong zhi li lun yu you hua kong zhi fang fa@f谭春林, 陈钢著 |
| 210 | @a北京@c科学出版社@d2019.02 | |
| 215 | @a242页@c图@d24cm | |
| 225 | 2 | @a“航天机构高可靠设计技术及其应用”丛书@A“ hang tian ji gou gao ke kao she ji ji shu ji qi ying yong ” cong shu |
| 300 | @a“十三五”国家重点出版物出版规划项目 | |
| 320 | @a有书目 | |
| 330 | @a本书针对复杂航天机构产品使用可靠性的调控问题, 提出了航天机构使用可靠性系统控制理论体系, 旨在解决三个方面的问题: 在正常工作状态下, 如何选择适当的控制方法与手段确保任务执行的可靠度 ; 在非正常工作状态下 (如系统部分失效或处于非正常工作模式) , 如何通过控制补偿, 达到能够完成基本任务的可靠度要求 ; 在航天机构服役全生命周期过程中, 如何通过控制策略的调整与自适应变化, 延缓机构系统性能退化引起的可靠性衰减。 | |
| 410 | 0 | @12001 @a“航天机构高可靠设计技术及其应用”丛书 |
| 606 | 0 | @a空间机械臂@Akong jian ji xie bi@x控制系统 |
| 690 | @aTP241@v5 | |
| 701 | 0 | @a谭春林@Atan chun lin@4著 |
| 701 | 0 | @a陈钢@Achen gang@4著 |
| 801 | 0 | @aCN@b人天书店@c20190320 |
| 905 | @aZUCC@dTP241@e2 | |
| 空间机械臂使用可靠性系统控制理论与优化控制方法/谭春林, 陈钢著.-北京:科学出版社,2019.02 |
| 242页:图;24cm.-(“航天机构高可靠设计技术及其应用”丛书) |
| “十三五”国家重点出版物出版规划项目 |
| ISBN 978-7-03-060095-0:CNY98.00 |
| 本书针对复杂航天机构产品使用可靠性的调控问题, 提出了航天机构使用可靠性系统控制理论体系, 旨在解决三个方面的问题: 在正常工作状态下, 如何选择适当的控制方法与手段确保任务执行的可靠度 ; 在非正常工作状态下 (如系统部分失效或处于非正常工作模式) , 如何通过控制补偿, 达到能够完成基本任务的可靠度要求 ; 在航天机构服役全生命周期过程中, 如何通过控制策略的调整与自适应变化, 延缓机构系统性能退化引起的可靠性衰减。 |
| ● |
| 相关链接 |
|
|
|
正题名:空间机械臂使用可靠性系统控制理论与优化控制方法
索取号:TP241/2
 
预约/预借
| 序号 | 登录号 | 条形码 | 馆藏地/架位号 | 状态 | 备注 |
| 1 | 2000894525 | 2000894525 | 第三书库/ [索取号:TP241/2] | 在馆 | |
| 2 | 2000894526 | 2000894526 | 第三书库/ [索取号:TP241/2] | 在馆 | |
| 3 | 2000894527 | 2000894527 | 第三书库/ [索取号:TP241/2] | 在馆 |